[Event "Titled Tue 20th May Early"]
[Site "chess.com INT"]
[Date "2025.05.20"]
[Round "2"]
[White "Tsolakidou, Stavroula"]
[Black "Tari, Aryan"]
[Result "0-1"]
[WhiteTitle "IM"]
[BlackTitle "GM"]
[WhiteElo "2428"]
[BlackElo "2636"]
[WhiteFideId "4264312"]
[BlackFideId "1510045"]
[EventDate "2025.05.20"]

1. d4 d5 2. Nf3 Nf6 3. e3 e6 4. b3 Be7 5. Bb2 O-O 6. Bd3 b6 7. O-O Bb7 8. Nbd2
c5 9. Qe2 a5 10. a4 Nc6 11. c3 Qc7 12. Bb5 Bd6 13. dxc5 bxc5 14. c4 Nd7 15. cxd5
exd5 16. Rac1 Nb4 17. h3 Rae8 18. Nd4 Bh2+ 19. Kh1 Be5 20. N2f3 Bf6 21. Nf5 Re6
22. Rfd1 Nb6 23. Nh2 Bxb2 24. Qxb2 f6 25. Nf3 Rc8 26. N5d4 Re4 27. Be2 Qd7 28.
Nb5 Ree8 29. Nc3 Qf7 30. Kg1 Kh8 31. Nb5 Red8 32. Rd2 Bc6 33. Qb1 Be8 34. Rdd1
c4 35. bxc4 Nxc4 36. Bxc4 dxc4 37. Rxd8 Rxd8 38. Nfd4 Nd3 39. Rc3 Qd5 40. Qc2
Nb4 41. Qe2 Bf7 42. Qf3 Rc8 43. Qxd5 Nxd5 44. Rc1 Nb6 45. Nd6 Rc7 0-1

[Event "Titled Tue 20th May Early"]
[Site "chess.com INT"]
[Date "2025.05.20"]
[Round "2"]
[White "Grutter, Tim"]
[Black "Eljanov, Pavel"]
[Result "1-0"]
[WhiteTitle "IM"]
[BlackTitle "GM"]
[WhiteElo "2408"]
[BlackElo "2668"]
[WhiteFideId "1057472"]
[BlackFideId "14102951"]
[EventDate "2025.05.20"]

1. Nf3 d5 2. g3 Nc6 3. d4 Bf5 4. Bg2 Nb4 5. Na3 e6 6. O-O Be7 7. c3 Nc6 8. Nb1
Nf6 9. Bf4 h6 10. Qb3 Rb8 11. Ne5 O-O 12. Nd2 g5 13. Be3 Nd7 14. Ndf3 Ncxe5 15.
Nxe5 Nxe5 16. dxe5 c5 17. c4 dxc4 18. Qxc4 b5 19. Qc1 Qc7 20. f4 g4 21. Bf2 c4
22. e4 Bg6 23. f5 exf5 24. exf5 Bxf5 25. Qxh6 Bg6 26. e6 Qe5 27. exf7+ Bxf7 28.
Rae1 Qf6 29. Qc1 Qg5 30. Be3 Bc5 31. Bxc5 Qxc5+ 32. Kh1 Rbe8 33. Qh6 Qh5 34. Qf6
Qg6 35. Qf4 Rxe1 36. Rxe1 Re8 37. Rxe8+ Bxe8 38. Be4 Bc6 39. Qb8+ Qe8 40. Qxe8+
Bxe8 41. Bf5 b4 42. Bxg4 c3 43. bxc3 bxc3 44. Bd1 Bg6 45. Kg1 Kf7 46. Kf2 Ke6
47. Bb3+ Ke5 48. Ke3 a5 49. g4 Bf7 50. Bxf7 1-0

[Event "Titled Tue 20th May Early"]
[Site "chess.com INT"]
[Date "2025.05.20"]
[Round "2"]
[White "Svetlov, Dmitry"]
[Black "Grot, Blazej"]
[Result "0-1"]
[WhiteTitle "IM"]
[BlackTitle "CM"]
[WhiteElo "2335"]
[BlackElo "2217"]
[WhiteFideId "24102610"]
[BlackFideId "21835845"]
[EventDate "2025.05.20"]

1. c4 c5 2. Nc3 Nc6 3. e3 Nf6 4. Nge2 e6 5. d4 d5 6. cxd5 Nxd5 7. dxc5 Ndb4 8.
Nd4 Nxd4 9. exd4 Qxd4 10. Bb5+ Bd7 11. a3 Qxd1+ 12. Kxd1 Bxb5 13. axb4 Bc6 14.
f3 a6 15. Be3 Be7 16. Kc2 Rc8 17. Rhd1 h5 18. b3 h4 19. h3 Rh5 20. Bd4 Rg5 21.
Rd2 Rd8 22. Rad1 f6 23. Be3 Rxd2+ 24. Rxd2 Rg6 25. Kb2 f5 26. Bd4 Bg5 27. Re2
Kf7 28. Be5 Be7 29. Nd1 Rh6 30. Ne3 g5 31. Nc4 Rg6 32. Nd6+ Bxd6 33. cxd6 Ke8
34. f4 g4 35. hxg4 Rxg4 36. Rc2 Rxg2 37. Rxg2 Bxg2 38. Bd4 Kd7 39. Bg1 Kxd6 40.
Kc2 Kd5 41. Kd3 Be4+ 42. Ke3 Bc2 43. Kd2 Bxb3 44. Kc3 Bc4 45. Bh2 Bf1 46. Bg1
Ke4 47. Bf2 h3 48. Bg3 Kf3 49. Bh2 Kg2 0-1

[Event "Titled Tue 20th May Early"]
[Site "chess.com INT"]
[Date "2025.05.20"]
[Round "2"]
[White "Jacobsen, Mikkel Manosri"]
[Black "Lortkipanidze, Nodar"]
[Result "1-0"]
[WhiteTitle "FM"]
[BlackTitle "IM"]
[WhiteElo "2223"]
[BlackElo "2359"]
[WhiteFideId "1444514"]
[BlackFideId "13604058"]
[EventDate "2025.05.20"]

1. d4 e6 2. Nf3 f5 3. Bf4 Nf6 4. e3 b6 5. h3 Bb7 6. Be2 Bd6 7. O-O Bxf4 8. exf4
O-O 9. Nbd2 Ne4 10. g3 Nxd2 11. Qxd2 Nc6 12. Rfe1 a5 13. c3 a4 14. Bf1 Na5 15.
Bg2 Nc4 16. Qc2 Be4 17. Rxe4 fxe4 18. Ng5 h6 19. Nxe4 Ra5 20. h4 Qe8 21. Bf1 Nd6
22. Re1 Nf5 23. Bd3 Qe7 24. Nd2 Nxh4 25. gxh4 Qxh4 26. Bf1 Rxf4 27. Ne4 Raf5 28.
Re2 Rh5 29. Bg2 Qh2+ 30. Kf1 Rg4 31. Ng3 Rf5 32. Nxf5 Rxg2 33. Ke1 Qg1+ 34. Kd2
Rxf2 35. Ne3 Rf7 36. Qxa4 c6 37. Qa8+ Kh7 38. Qe8 Rf2 39. Qxd7 Rxe2+ 40. Kxe2
Qh2+ 41. Kd3 Qxb2 42. Qxe6 Qb1+ 43. Ke2 Qb2+ 44. Kf3 Qxc3 45. Ke4 c5 46. d5 Qd4+
47. Kf3 c4 48. d6 c3 49. Qe4+ 1-0

[Event "Titled Tue 20th May Early"]
[Site "chess.com INT"]
[Date "2025.05.20"]
[Round "2"]
[White "Stichter, Constantin Paul"]
[Black "Valle Luis, Leo"]
[Result "1-0"]
[BlackTitle "FM"]
[WhiteElo "2209"]
[BlackElo "2301"]
[WhiteFideId "34603140"]
[BlackFideId "54577187"]
[EventDate "2025.05.20"]

1. e4 c6 2. d4 d5 3. exd5 cxd5 4. Bd3 Nc6 5. c3 Nf6 6. Bf4 g6 7. Nf3 Bg7 8. Nbd2
O-O 9. O-O Bf5 10. Bxf5 gxf5 11. Ne5 Kh8 12. Qf3 e6 13. Qh3 Nxe5 14. Bxe5 Rg8
15. Nf3 Ne4 16. Rfe1 Qe7 17. Re2 Bxe5 18. Nxe5 Rg7 19. Kh1 Rag8 20. f3 Nd6 21.
Rae1 b5 22. b3 a5 23. Qh5 Qc7 24. Rc1 a4 25. Qh6 Qd8 26. bxa4 bxa4 27. Rb1 Nc4
28. Rb7 Nxe5 29. dxe5 Qc8 30. Ra7 Qxc3 31. h3 Qc5 32. Qf6 Qxa7 33. g4 fxg4 34.
fxg4 Qa8 35. Kh2 d4 36. Rd2 Qd8 37. Qf4 Rg6 38. Rxd4 Qe7 39. Qd2 Rf8 40. Rd7 Qc5
41. Qf4 Qc2+ 42. Rd2 Kg8 43. Rxc2 Rg7 44. Rf2 Rg6 45. h4 Rg7 46. g5 Rg6 47. h5
Rg7 48. Qg4 h6 49. g6 fxg6 50. Rxf8+ Kxf8 51. hxg6 Ke7 52. Qh4+ Kf8 53. Qxh6 Kg8
54. Qg5 Kf8 55. Qd8# 1-0

[Event "Titled Tue 20th May Early"]
[Site "chess.com INT"]
[Date "2025.05.20"]
[Round "2"]
[White "Masague Artero, Guerau"]
[Black "Berikkyzy Alanna"]
[Result "1-0"]
[WhiteTitle "FM"]
[BlackTitle "WFM"]
[WhiteElo "2326"]
[BlackElo "2104"]
[WhiteFideId "32098952"]
[BlackFideId "13780719"]
[EventDate "2025.05.20"]

1. e4 c5 2. Nc3 Nc6 3. Bb5 Nd4 4. Bc4 e6 5. Nf3 a6 6. d3 Nc6 7. O-O Nf6 8. d4
cxd4 9. Nxd4 Qc7 10. Bb3 Bc5 11. Nxc6 dxc6 12. Qf3 O-O 13. h3 Nd7 14. Bf4 Bd6
15. Bxd6 Qxd6 16. Rad1 Qc7 17. Qd3 c5 18. Qd6 Qxd6 19. Rxd6 b5 20. a3 c4 21. Ba2
Nc5 22. Rc6 Nd7 23. Rd1 Ne5 24. Rc5 Ng6 25. Rc7 Re8 26. b3 cxb3 27. Bxb3 Nf8 28.
Rd6 Rb8 29. f3 Rb7 30. Rdc6 Rxc7 31. Rxc7 Rd8 32. Kf2 g6 33. Ke3 Bd7 34. Ra7 Bc8
35. Na2 Rd7 36. Ra8 Bb7 37. Rb8 Kg7 38. Nb4 a5 39. Nd3 a4 40. Ba2 Rc7 41. Kd2 f6
42. Rd8 Kf7 43. c3 Rd7 44. Rxd7+ Nxd7 45. c4 bxc4 46. Bxc4 Bc6 47. Kc3 Ke7 48.
Kb4 e5 49. Ka5 Kd6 50. Bb5 Bb7 51. Bxd7 Kxd7 52. Nc5+ Kc7 53. Nxb7 Kxb7 54. Kxa4
f5 55. Kb4 f4 56. Kc5 g5 57. Kd5 h5 58. Kxe5 g4 59. hxg4 hxg4 60. Kxf4 1-0

[Event "Titled Tue 20th May Early"]
[Site "chess.com INT"]
[Date "2025.05.20"]
[Round "2"]
[White "Reshetnikov, Alexey"]
[Black "Shevchenko, Yaroslav"]
[Result "1-0"]
[WhiteTitle "IM"]
[WhiteElo "2492"]
[BlackElo "2137"]
[WhiteFideId "4162080"]
[BlackFideId "34144684"]
[EventDate "2025.05.20"]

1. d4 e6 2. c4 d5 3. Nc3 c6 4. Nf3 dxc4 5. e4 b5 6. Qc2 Nf6 7. Be2 Bb7 8. O-O
Be7 9. Rb1 h6 10. b3 b4 11. bxc4 O-O 12. e5 Nfd7 13. c5 a5 14. Ne4 Ba6 15. Rb3
f5 16. exf6 Nxf6 17. Re1 Qd5 18. Bxa6 Nxa6 19. Rbe3 Nc7 20. Qa4 Rfe8 21. Bb2 Nb5
22. Ned2 Bf8 23. Re5 Qd7 24. Nc4 Nd5 25. Qc2 a4 26. Qg6 a3 27. Bc1 Qf7 28. Qc2
Rad8 29. Bd2 Ndc3 30. Bxc3 bxc3 31. R5e4 Qf5 32. Qb3 Qd5 33. Re5 Qd7 34. Nxa3
Nxd4 35. Qxc3 Nxf3+ 36. Qxf3 Qa7 37. Nc4 Bxc5 38. Qe2 Rf8 39. Ne3 Rd6 40. Qc4
Kh7 41. Qxc5 Qxc5 42. Rxc5 Rd2 43. Rc2 Rfxf2 44. Rxd2 Rxd2 45. Nc4 Rxa2 46. Rxe6
Rc2 47. Rxc6 h5 48. h3 Kh8 49. Kh2 Rc3 50. Ne5 Re3 51. Ng6+ Kh7 52. Nf4 Re5 53.
Rd6 Rg5 54. Rd5 1-0

[Event "Titled Tue 20th May Early"]
[Site "chess.com INT"]
[Date "2025.05.20"]
[Round "2"]
[White "Jiganchine, Roman"]
[Black "Sitbon, Itay"]
[Result "1-0"]
[WhiteTitle "CM"]
[WhiteElo "2205"]
[BlackElo "2192"]
[WhiteFideId "2603667"]
[BlackFideId "2820706"]
[EventDate "2025.05.20"]

1. Nf3 g6 2. e4 c5 3. d4 cxd4 4. Qxd4 Nf6 5. Nc3 Nc6 6. Qa4 Bg7 7. e5 Ng8 8. Bf4
Nh6 9. h3 O-O 10. Bd3 d6 11. exd6 e5 12. Bxh6 Bxh6 13. O-O Qxd6 14. Rad1 Qb4 15.
Qxb4 Nxb4 16. Nxe5 Bg7 17. a3 Nxd3 18. Nxd3 Be6 19. Nc5 Bc4 20. Rfe1 b6 21. N5e4
Be6 22. Ng3 Rac8 23. Re3 Rc6 24. Red3 h5 25. Nge4 Bf5 26. f3 Be5 27. Kf2 Kg7 28.
Ke3 Rfc8 29. g4 hxg4 30. hxg4 Bxe4 31. fxe4 Bxc3 32. bxc3 Rxc3 33. Rxc3 Rxc3+
34. Rd3 Rxc2 35. Rd7 a5 36. a4 Rc4 37. Rb7 Rb4 38. g5 Kf8 39. Kf4 Kg7 40. Ke5
Rxa4 41. Rxb6 Ra1 42. Rb7 Rg1 43. Kf4 Rf1+ 44. Kg4 Re1 45. Kf4 a4 46. Ra7 Ra1
47. e5 Rf1+ 48. Kg4 Re1 49. Kf4 Rh1 50. Kg4 Ra1 51. e6 a3 52. Rxf7+ Kg8 53. Ra7
a2 54. e7 Kg7 55. e8=Q# 1-0

[Event "Titled Tue 20th May Early"]
[Site "chess.com INT"]
[Date "2025.05.20"]
[Round "2"]
[White "Coelho, Ramyres Santana"]
[Black "Devaev, Alexander"]
[Result "0-1"]
[WhiteTitle "WFM"]
[BlackTitle "FM"]
[WhiteElo "1989"]
[BlackElo "2306"]
[WhiteFideId "2120690"]
[BlackFideId "4169395"]
[EventDate "2025.05.20"]

1. e4 c6 2. d4 d5 3. Nc3 dxe4 4. Nxe4 Bf5 5. Ng3 Bg6 6. Nf3 Nd7 7. h4 h6 8. h5
Bh7 9. Bd3 Bxd3 10. Qxd3 Qc7 11. O-O e6 12. c4 Ngf6 13. Re1 Be7 14. Ne5 O-O 15.
Bf4 Bd6 16. Rad1 Rad8 17. Qe3 Kh7 18. Qd3+ Kh8 19. Qe3 c5 20. Bxh6 gxh6 21.
Qxh6+ Nh7 22. Nxd7 Rxd7 23. Re4 Bxg3 24. Rg4 Be5 25. Rd3 Rxd4 26. Rdxd4 cxd4 27.
f4 Bf6 28. b3 Rg8 29. Rxg8+ Kxg8 30. f5 exf5 31. Qd2 Qe5 32. Kf1 Ng5 33. h6 Kh7
34. Qb4 Qf4+ 35. Kg1 Qe3+ 36. Kh1 Qc1+ 37. Kh2 Be5+ 38. g3 Qc2+ 39. Kh1 Qd1+ 40.
Kg2 Qe2+ 41. Kh1 Qf1+ 42. Kh2 Qh3+ 43. Kg1 Qxg3+ 44. Kf1 Qd3+ 45. Kg2 Qe2+ 46.
Kg1 Qe1+ 47. Kg2 Qxb4 48. Kf1 d3 49. Kf2 Qc3 50. Ke3 d2+ 51. Ke2 Qc1 52. Kd3
d1=Q# 0-1

[Event "Titled Tue 20th May Early"]
[Site "chess.com INT"]
[Date "2025.05.20"]
[Round "2"]
[White "Pavlov, Nikolay"]
[Black "Tabatabaei, M. Amin"]
[Result "1-0"]
[WhiteTitle "FM"]
[BlackTitle "GM"]
[WhiteElo "2316"]
[BlackElo "2670"]
[WhiteFideId "24141470"]
[BlackFideId "12521213"]
[EventDate "2025.05.20"]

1. e4 g6 2. d4 d6 3. Nc3 Bg7 4. Be3 a6 5. Qd2 b5 6. f3 Nd7 7. h4 h5 8. Nh3 Nb6
9. Ng5 Nf6 10. a4 b4 11. Nd1 a5 12. c3 bxc3 13. Nxc3 e6 14. Be2 O-O 15. O-O Bd7
16. Nb5 d5 17. e5 Nh7 18. Rfc1 c6 19. Nd6 Nc8 20. Nb7 Qc7 21. Nc5 Nxg5 22. Bxg5
Re8 23. g4 Rf8 24. Kh1 hxg4 25. fxg4 f6 26. exf6 Bxf6 27. Rf1 Bg7 28. Qd3 Rxf1+
29. Rxf1 Nd6 30. Qxg6 Be8 31. Qxe6+ Bf7 32. Qe7 Qxe7 33. Bxe7 Re8 34. Bxd6 Rxe2
35. Nd7 Bxd4 36. Nf6+ Kg7 37. g5 Re6 38. Ba3 c5 39. Ng4 Re4 40. Nh6 Rxh4+ 41.
Kg2 Bg6 42. Kg3 Be5+ 43. Kxh4 c4 44. Ng4 Kh7 45. Nxe5 1-0

[Event "Titled Tue 20th May Early"]
[Site "chess.com INT"]
[Date "2025.05.20"]
[Round "2"]
[White "Krzywda, Andrzej"]
[Black "Tursunalieva, Nurelina"]
[Result "1-0"]
[WhiteTitle "CM"]
[BlackTitle "WCM"]
[WhiteElo "2175"]
[BlackElo "1810"]
[WhiteFideId "1114565"]
[BlackFideId "13817329"]
[EventDate "2025.05.20"]

1. e4 c5 2. Nf3 d6 3. d4 cxd4 4. Nxd4 Nf6 5. Nc3 a6 6. Be3 Nc6 7. Qd2 e6 8. f3
Qc7 9. g4 h6 10. O-O-O b5 11. Kb1 Bb7 12. h4 b4 13. Na4 d5 14. Nxc6 Bxc6 15. Nb6
Rb8 16. exd5 Nxd5 17. Nxd5 Bxd5 18. Bf4 Qa5 19. Bc4 Rd8 20. Bxd5 Rxd5 21. Qe3
Be7 22. Rxd5 Qxd5 23. h5 O-O 24. Re1 Rd8 25. Qe2 Bf6 26. Bc1 a5 27. f4 a4 28. g5
hxg5 29. fxg5 Bxg5 30. h6 Bxc1 31. Rxc1 g6 32. Qh2 Kh7 33. Qh4 Rd7 34. Qf6 Qd4
35. Qg5 a3 36. bxa3 bxa3 37. Qb5 Rd6 38. c3 Qe4+ 39. Ka1 Qg2 40. Qb3 Rd7 41. Rb1
Kxh6 42. Qxa3 Qd5 43. Qf8+ Kg5 44. Qa3 Kh6 45. Qf8+ Kg5 46. Rg1+ Kf5 47. Rf1+
Ke4 48. Rxf7 Qd1+ 49. Kb2 Rd2+ 50. Ka3 Qc1+ 51. Kb4 Rb2+ 52. Kc4 Qf1+ 53. Rxf1
Rb4+ 54. Kxb4 Kd3 55. Qf3+ Kc2 56. Rd1 Kb2 57. Qe2# 1-0

[Event "Titled Tue 20th May Early"]
[Site "chess.com INT"]
[Date "2025.05.20"]
[Round "2"]
[White "Martinez Fernandez, Adrian"]
[Black "Rothuis, Vincent"]
[Result "0-1"]
[WhiteTitle "IM"]
[BlackTitle "IM"]
[WhiteElo "2404"]
[BlackElo "2346"]
[WhiteFideId "32049048"]
[BlackFideId "1011936"]
[EventDate "2025.05.20"]

1. e4 e5 2. Nf3 Nc6 3. Bb5 a6 4. Ba4 g6 5. O-O Bg7 6. c3 d6 7. h3 Ne7 8. d4 O-O
9. Bb3 h6 10. a4 Bd7 11. Be3 Kh7 12. Ba2 Qc8 13. Kh2 f5 14. dxe5 dxe5 15. Nbd2
f4 16. Bc5 Be6 17. Bxe6 Qxe6 18. Qb3 Qxb3 19. Nxb3 Bf6 20. Rfd1 Rad8 21. Kg1 Kg7
22. Kf1 Kf7 23. Ke2 Ke6 24. Rd2 b6 25. Ba3 a5 26. Rad1 Rxd2+ 27. Rxd2 g5 28. Nh2
h5 29. f3 Rb8 30. c4 Nc8 31. c5 b5 32. axb5 Rxb5 33. Nc1 Nd4+ 34. Kd1 Na7 35.
Na2 c6 36. Nc3 Rb3 37. Ne2 Nxe2 38. Kxe2 Nb5 39. Rd3 a4 40. Rxb3 axb3 41. Bb4
Nd4+ 42. Kd3 Nc2 43. Ba5 Be7 44. Bb6 Ne1+ 45. Kc3 Nxg2 46. Kxb3 Ne3 47. Kc3 g4
48. hxg4 h4 0-1

[Event "Titled Tue 20th May Early"]
[Site "chess.com INT"]
[Date "2025.05.20"]
[Round "2"]
[White "Sarana, Alexey"]
[Black "Bukreev, Stanislav"]
[Result "1-0"]
[WhiteTitle "GM"]
[BlackTitle "FM"]
[WhiteElo "2686"]
[BlackElo "2328"]
[WhiteFideId "24133795"]
[BlackFideId "34252347"]
[EventDate "2025.05.20"]

1. d4 e6 2. c4 Nf6 3. Nc3 d5 4. cxd5 Nxd5 5. e4 Nxc3 6. bxc3 c5 7. Nf3 cxd4 8.
cxd4 Bb4+ 9. Bd2 Bxd2+ 10. Qxd2 O-O 11. Bc4 Nd7 12. O-O b6 13. Rfe1 Bb7 14. Rad1
Rc8 15. Bd3 h6 16. h3 Re8 17. Re3 Qc7 18. Qe1 Qf4 19. Bb5 Red8 20. Qe2 Nf6 21.
Bd3 Nd7 22. Bb1 Rc7 23. g3 Qd6 24. d5 e5 25. Nh4 g6 26. Qd2 Kg7 27. Rf3 Rdc8 28.
Ng2 Rc4 29. Ne3 Rd4 30. Qe1 Rxd1 31. Qxd1 Ba6 32. Kg2 b5 33. Qd2 b4 34. Ng4 Rh8
35. Bd3 Bxd3 36. Qxd3 h5 37. Ne3 Rc8 38. Qb5 a6 39. Qa5 Qb6 40. Qa4 Nc5 41. Qc2
Qd8 42. Nc4 Nb7 43. Qb3 Qe7 44. d6 Nxd6 45. Nxd6 Qxd6 46. Qxf7+ Kh8 47. Rf6 Qd3
48. Qxg6 b3 49. Qh6+ Kg8 50. Qg5+ 1-0

[Event "Titled Tue 20th May Early"]
[Site "chess.com INT"]
[Date "2025.05.20"]
[Round "2"]
[White "Troltenier, Dirk"]
[Black "Karpenko, Anton"]
[Result "0-1"]
[WhiteTitle "FM"]
[BlackTitle "CM"]
[WhiteElo "2174"]
[BlackElo "2218"]
[WhiteFideId "4606400"]
[BlackFideId "34374353"]
[EventDate "2025.05.20"]

1. e4 c5 2. Nf3 Nc6 3. Bb5 g6 4. O-O Bg7 5. Re1 Nf6 6. c3 O-O 7. d4 d5 8. e5 Ne4
9. Nbd2 Qb6 10. Bxc6 Qxc6 11. Qe2 Nxd2 12. Bxd2 c4 13. Bg5 Re8 14. Qe3 Bg4 15.
Qf4 Bxf3 16. Qxf3 h6 17. Bd2 e6 18. h4 Rf8 19. Qg3 Kh7 20. f4 f5 21. h5 gxh5 22.
Kf2 Rg8 23. Qf3 h4 24. Rh1 Bf8 25. Rxh4 Rg6 26. Rah1 Be7 27. Rh5 Rag8 28. R1h2
Qa4 29. Qh3 Bf8 30. g4 fxg4 31. Qg3 Qc2 32. Ke1 Qb1+ 33. Ke2 Qe4+ 34. Kd1 Qb1+
35. Ke2 Qe4+ 36. Kd1 R8g7 37. Kc1 Qf3 38. Qxf3 gxf3 39. Rf2 Rg1+ 40. Kc2 R7g3
41. f5 R1g2 42. Rf1 f2 43. fxe6 Rf3 44. Rh4 Rg1 45. Rxf2 Rxf2 0-1

[Event "Titled Tue 20th May Early"]
[Site "chess.com INT"]
[Date "2025.05.20"]
[Round "2"]
[White "Pakleza, Zbigniew"]
[Black "Hungaski, Robert"]
[Result "1-0"]
[WhiteTitle "GM"]
[BlackTitle "GM"]
[WhiteElo "2484"]
[BlackElo "2477"]
[WhiteFideId "1119290"]
[BlackFideId "2021030"]
[EventDate "2025.05.20"]

1. d4 e6 2. Nf3 f5 3. Bf4 Nf6 4. e3 Be7 5. h3 b6 6. Be2 Bb7 7. O-O O-O 8. c4 Ne4
9. Bh2 Bf6 10. Nbd2 d6 11. Nxe4 fxe4 12. Nd2 Qe8 13. Rc1 Nd7 14. b4 a5 15. c5
axb4 16. c6 Bxc6 17. Rxc6 Rxa2 18. Nxe4 Bd8 19. Rc2 Ra5 20. Qb1 d5 21. Nd2 c5
22. Nb3 c4 23. Nxa5 bxa5 24. Bxc4 dxc4 25. Rxc4 Qh5 26. Qe4 Re8 27. Qc6 Qd5 28.
Qxd5 exd5 29. Rc6 Nb6 30. Rc5 Nc4 31. Rxd5 Be7 32. Rc1 Rc8 33. Rb5 Kf7 34. d5
Ke8 35. d6 Bd8 36. Rd1 Kd7 37. Rb7+ Kc6 38. Rxg7 b3 39. d7 Rb8 40. Bxb8 a4 41.
Rg8 Ba5 42. Rc8+ Kb5 43. Rd5+ Kb4 44. Rxa5 b2 45. Rxc4+ Kxc4 46. d8=Q b1=Q+ 47.
Kh2 Qb4 48. Qd4+ Kb3 49. Qxb4+ Kxb4 50. Rh5 1-0

[Event "Titled Tue 20th May Early"]
[Site "chess.com INT"]
[Date "2025.05.20"]
[Round "2"]
[White "Ramsdal, Jens Albert"]
[Black "Aghaei, Alireza"]
[Result "0-1"]
[WhiteTitle "FM"]
[BlackTitle "CM"]
[WhiteElo "2351"]
[BlackElo "2204"]
[WhiteFideId "1429221"]
[BlackFideId "12509914"]
[EventDate "2025.05.20"]

1. e4 c5 2. a3 g6 3. Nc3 Bg7 4. Bc4 Nc6 5. d3 e6 6. h4 h6 7. h5 g5 8. f4 d5 9.
exd5 Bxc3+ 10. bxc3 exd5 11. Bb5 g4 12. Qe2+ Ne7 13. Bd2 O-O 14. c4 Nd4 15. Qd1
a6 16. Ba4 b5 17. Bb3 Re8 18. Kf2 Bf5 19. Ne2 Nxb3 20. cxb3 Bxd3 21. Ng3 f5 22.
Ba5 Qxa5 23. Qxd3 dxc4 24. bxc4 Rad8 25. Qb3 Qd2+ 26. Kg1 Rd3 27. Nf1 Qe2 28.
Qa2 Qxa2 29. Rxa2 bxc4 30. Rc2 c3 31. Kf2 Nd5 32. Ng3 Nxf4 33. Nxf5 Rd2+ 34.
Rxd2 cxd2 35. Rd1 Nd3+ 36. Kg3 Re2 37. Nxh6+ Kh7 38. Nxg4 Nb2 39. Kf3 Rxg2 40.
Rb1 Rxg4 41. Kxg4 d1=Q+ 42. Rxd1 Nxd1 43. Kf3 Nc3 44. Ke3 Na4 45. Kd3 Kh6 46.
Kc4 Kxh5 47. Kb3 Nb6 48. a4 a5 0-1

[Event "Titled Tue 20th May Early"]
[Site "chess.com INT"]
[Date "2025.05.20"]
[Round "2"]
[White "Blackburn, Jonathan L B"]
[Black "Lima, Artur Tin Lun Dai"]
[Result "1-0"]
[WhiteTitle "FM"]
[WhiteElo "2200"]
[BlackElo "1946"]
[WhiteFideId "1801090"]
[BlackFideId "22773150"]
[EventDate "2025.05.20"]

1. d4 d5 2. c4 e6 3. Nf3 h6 4. cxd5 exd5 5. Nc3 Nf6 6. Qb3 c6 7. Bf4 Bd6 8. Bxd6
Qxd6 9. e3 O-O 10. Ne5 c5 11. Nb5 Qe7 12. Be2 Nc6 13. O-O Nxe5 14. dxe5 Qxe5 15.
f4 Qe7 16. Bf3 a6 17. Na3 Be6 18. Qb6 Rac8 19. Rac1 Rc6 20. Qa5 Bc8 21. Rfe1 Re8
22. Nb1 Qc7 23. Qd2 Qd8 24. Nc3 Rd6 25. Na4 b6 26. b4 d4 27. bxc5 bxc5 28. e4
Ng4 29. e5 Rg6 30. Bxg4 Rxg4 31. Nxc5 Qd5 32. Ne4 Bb7 33. Rc5 Qd8 34. g3 h5 35.
Nd6 Re7 36. Qxd4 Kh7 37. Qd3+ g6 38. h3 Qb6 39. Rc1 Rc7 40. Nxb7 Qxb7 41. Rxc7
Qb2 42. hxg4 hxg4 43. Rxf7+ Kh6 44. Rfc7 Qxa2 45. R1c2 Qa1+ 46. Rc1 Qa2 47. R7c2
Qa5 48. Rh2+ Kg7 49. Qd7+ Kg8 50. Rc8+ Qd8 51. Rxd8# 1-0

[Event "Titled Tue 20th May Early"]
[Site "chess.com INT"]
[Date "2025.05.20"]
[Round "2"]
[White "Lima, Stefan Moisei VIeira"]
[Black "Mafra, Kaiser Luiz"]
[Result "0-1"]
[WhiteTitle "FM"]
[BlackTitle "CM"]
[WhiteElo "2241"]
[BlackElo "2094"]
[WhiteFideId "22782273"]
[BlackFideId "2106698"]
[EventDate "2025.05.20"]

1. d4 Nf6 2. c4 d6 3. Nc3 g6 4. Nf3 Bg7 5. Bg5 h6 6. Bh4 g5 7. Bg3 Nh5 8. e3
Nxg3 9. hxg3 Nd7 10. Bd3 c5 11. Qc2 cxd4 12. exd4 Nf6 13. O-O-O Bg4 14. Rde1 Rc8
15. Kb1 a6 16. Nd2 Be6 17. Bf5 Bxf5 18. Qxf5 Qd7 19. Qf3 Qg4 20. Qxb7 O-O 21.
Nce4 Qf5 22. Ka1 Nxe4 23. Qxe4 Qxf2 24. Re2 Qxd4 25. Qxd4 Bxd4 26. Rxe7 Rfe8 27.
Rhe1 Be5 28. Rxe8+ Rxe8 29. Nf3 f6 30. g4 Kf7 31. Kb1 Bf4 32. Rxe8 Kxe8 33. Nd4
Kd7 34. Nf5 Kc6 35. Kc2 Kc5 36. Kd3 a5 37. Nxh6 a4 38. Nf5 d5 39. cxd5 Kxd5 40.
b3 axb3 41. axb3 Kc5 42. Kc3 Be5+ 43. Kd3 Kb5 44. Ne3 Kb4 45. Kc2 Bd4 46. Nc4
Bf2 47. Nd2 Bd4 48. Kd3 Bc3 49. Ne4 Be5 50. Nd2 Bc3 51. g3 Be5 0-1

[Event "Titled Tue 20th May Early"]
[Site "chess.com INT"]
[Date "2025.05.20"]
[Round "2"]
[White "Avramidou, Anastasia"]
[Black "Duarte Cramer, Lily Jeanette"]
[Result "1-0"]
[WhiteTitle "FM"]
[BlackTitle "WCM"]
[WhiteElo "2294"]
[BlackElo "1828"]
[WhiteFideId "4239873"]
[BlackFideId "29620180"]
[EventDate "2025.05.20"]

1. Nf3 d5 2. c4 c6 3. d4 Nf6 4. Nc3 e6 5. e3 Bd6 6. Bd3 dxc4 7. Bxc4 O-O 8. O-O
Nbd7 9. h3 e5 10. e4 exd4 11. Qxd4 Bc5 12. Qd3 Nb6 13. Bg5 Qxd3 14. Bxd3 Nfd7
15. Rac1 Bd6 16. Rfd1 Ne5 17. Nxe5 Bxe5 18. Be3 f5 19. Bc5 Rf6 20. Re1 Bxc3 21.
bxc3 fxe4 22. Bxe4 Be6 23. Bd4 Rh6 24. Be3 Rf6 25. Bg5 Rf7 26. a4 Bd5 27. Bc2
Raf8 28. Be3 Nc4 29. Bd4 b6 30. f3 c5 31. Bf2 Bc6 32. Bb3 Bd5 33. Rcd1 Rf5 34.
Rxd5 Rxd5 35. Bxc4 Rd8 36. Rd1 Kf7 37. Rxd5 Rxd5 38. Bxd5+ Kf6 39. c4 Ke5 40.
Kf1 a6 41. Bb7 b5 42. cxb5 axb5 43. axb5 Kd6 44. Be4 c4 45. Bxh7 c3 46. Bc2 g5
47. g3 g4 48. fxg4 Kc7 49. g5 Kb7 50. g6 Kc7 51. g7 Kd6 52. g8=Q Ke5 53. Qe8+
Kd5 54. Qe4+ Kd6 55. b6 Kd7 56. b7 Kc7 57. Bb6+ Kd7 58. Ba4+ Kd6 59. b8=B# 1-0

[Event "Titled Tue 20th May Early"]
[Site "chess.com INT"]
[Date "2025.05.20"]
[Round "2"]
[White "Khoo-Thwe, Louis"]
[Black "Sharankov, Grigory"]
[Result "1-0"]
[BlackTitle "CM"]
[WhiteElo "2214"]
[BlackElo "2238"]
[WhiteFideId "1538756"]
[BlackFideId "4168356"]
[EventDate "2025.05.20"]

1. e4 e6 2. d4 d5 3. Nc3 Nc6 4. Nf3 Nf6 5. e5 Ne4 6. Bd3 Bb4 7. Bd2 Nxd2 8. Qxd2
f6 9. a3 Bxc3 10. Qxc3 fxe5 11. dxe5 O-O 12. O-O-O Bd7 13. h4 Rf4 14. Ng5 h6 15.
Bh7+ Kh8 16. Bg6 Qf8 17. f3 d4 18. Qe1 Ne7 19. Be4 Kg8 20. Rxd4 Nd5 21. g3 c5
22. Rxd5 exd5 23. Bxd5+ Kh8 24. gxf4 Qxf4+ 25. Kb1 Re8 26. e6 Bc6 27. Bxc6 bxc6
28. Nf7+ Kg8 29. Rg1 Qf6 30. Nd6 Rxe6 31. Ne4 Qe5 32. Qe3 c4 33. Qxa7 Re7 34.
Qa8+ Kh7 35. Qxc6 Qf5 36. Qxc4 Qf4 37. Qd3 Qf5 38. Nc5 Qxd3 39. Nxd3 g5 40. hxg5
h5 41. f4 Kg6 42. b4 h4 43. a4 h3 44. Rh1 Rh7 45. a5 Kf5 46. a6 Kg4 47. b5 Kg3
48. b6 Kg2 49. Rc1 Rg7 50. b7 1-0